| 000 | 01340cam a2200229 4500 | ||
|---|---|---|---|
| 001 | ABS67192 | ||
| 008 | 031006n2003 000 0 eng u | ||
| 035 | _a(Sirsi) u123855 | ||
| 100 | _aDearden, J. | ||
| 245 |
_aConveyancers asked to order early reports _h[electronic resource] |
||
| 260 | _c2003 | ||
| 490 |
_aJournal of the Law Society of Scotland _v48(9) September 2003, 56-58(3) |
||
| 520 | _aThe Coal Authority's Mining Report Service launched an enhanced mining report service on 30 September 2003 which includes updated user guidance, insurance cover with residential property mining reports and certificates, an interpretive report service, a revised fee structure and new Mining Reports and Surface Damage System (MRSD52). The Coal Authority in conjunction with the Law Society of Scotland has reivsed the Scotform (2003) Coal mining Search Form. Although the article is written from the Scottish viewpoint, the Mining Report Service is also applicable for England and Wales. Further information is available on www.coal.gov.uk. | ||
| 590 | _aABS | ||
| 650 | _aCOAL MINING | ||
| 650 | _aCOAL AUTHORITY | ||
| 650 | _aPROPERTY SEARCHES | ||
| 650 | _aCONVEYANCING | ||
| 690 | _aPROPERTY | ||
| 856 |
_uhttps://www.journalonline.co.uk/Magazine/48-9/1000599.aspx _zRead the article at www.journalonline.co.uk |
||
| 942 | _n0 | ||
| 999 |
_c73560 _d73560 |
||